KOHA-Header-6

101 Best Businesses to Start (Record no. 2788)

000 -LEADER
fixed length control field 00295nam a2200121Ia 4500
008 - FIXED-LENGTH DATA ELEMENTS--GENERAL INFORMATION
fixed length control field 190902s9999||||xx |||||||||||||| ||und||
020 ## - INTERNATIONAL STANDARD BOOK NUMBER
International Standard Book Number 0-8144-0533-9
100 ## - MAIN ENTRY--PERSONAL NAME
Personal name Sharon Khan
245 #0 - TITLE STATEMENT
Title 101 Best Businesses to Start
260 ## - PUBLICATION, DISTRIBUTION, ETC. (IMPRINT)
Place of publication, distribution, etc London
Name of publisher, distributor, etc The McGraw-Hill
Date of publication, distribution, etc 1992
300 ## - PHYSICAL DESCRIPTION
Extent 529
942 ## - ADDED ENTRY ELEMENTS (KOHA)
Koha item type Books
Holdings
Withdrawn status Lost status Damaged status Not for loan Collection code Permanent Location Current Location Shelving location Date acquired Barcode Date last seen Price effective from Koha item type
        Business MAJU MAJU   2019-09-02 6447 2019-09-02 2019-09-02 Business

Powered by Koha